[Event "Mittelfrank Regionalliga Sud-Ost 2223"]
[Site "Mittelfranken"]
[Date "2023.03.05"]
[Round "7.1"]
[White "Reilein, Christian"]
[Black "Poelt, Christoph"]
[Result "1/2-1/2"]
[WhiteElo "2154"]
[BlackElo "2137"]
[PlyCount "68"]
[EventDate "2022.10.09"]
[EventType "team-tourn"]
[EventRounds "9"]
[EventCountry "GER"]
[SourceTitle "EXT 2024"]
[Source "ChessBase"]
[SourceDate "2023.10.10"]
[SourceVersion "1"]
[SourceVersionDate "2023.10.10"]
[SourceQuality "1"]
[WhiteTeam "Ergolding"]
[BlackTeam "Tegernsee"]
[WhiteTeamCountry "GER"]
[BlackTeamCountry "GER"]

1. Nf3 d5 2. c4 e6 3. g3 Nf6 4. Bg2 Be7 5. d4 0-0 6. 0-0 c6 7. Nbd2 Nbd7 8. b3 b6 9. Bb2 Bb7 10. Re1 c5 11. cxd5 Nxd5 12. Nc4 b5 13. Nce5 Rc8 14. Nxd7 Qxd7 15. Ne5 Qd8 16. a3 Bf6 17. e4 Nb6 18. dxc5 Rxc5 19. Nd3 Rc3 20. Re3 Rc7 21. Bxf6 Qxf6 22. e5 Qe7 23. Bxb7 Rxb7 24. Nf4 Rd8 25. Qg4 Rd4 26. Rd1 Rxd1+ 27. Qxd1 Rd7 28. Rd3 Rxd3 29. Qxd3 Qxa3 30. Qxb5 g6 31. h4 h5 32. Qe8+ Qf8 33. Qc6 Qe7 34. Kh2 Qd7 1/2-1/2

[Event "Mittelfrank Regionalliga Sud-Ost 2122"]
[Site "Mittelfranken"]
[Date "2021.11.14"]
[Round "2.1"]
[White "Reilein, Christian"]
[Black "Stoettner, Moritz"]
[Result "0-1"]
[WhiteElo "2135"]
[BlackElo "2056"]
[PlyCount "128"]
[EventDate "2021.10.24"]
[EventType "team-tourn"]
[EventRounds "9"]
[EventCountry "GER"]
[SourceTitle "EXT 2024"]
[Source "ChessBase"]
[SourceDate "2023.10.10"]
[SourceVersion "1"]
[SourceVersionDate "2023.10.10"]
[SourceQuality "1"]
[WhiteTeam "Ergolding"]
[BlackTeam "Landau Dingolfing"]
[WhiteTeamCountry "GER"]
[BlackTeamCountry "GER"]

1. Nf3 d5 2. d4 Nf6 3. c4 e6 4. g3 Bb4+ 5. Bd2 Be7 6. Bg2 0-0 7. 0-0 c6 8. Qc2 Nbd7 9. Rd1 b6 10. Bf4 Ba6 11. Nbd2 Nh5 12. Be3 Nhf6 13. Qa4 Bxc4 14. Nxc4 b5 15. Qa6 bxc4 16. Qxc6 Qb8 17. b3 Rc8 18. Qa4 Bd6 19. Rdc1 a5 20. Bd2 Qa7 21. e3 Nb6 22. Qb5 a4 23. Bf1 Rab8 24. Rab1 Ba3 25. Rc2 cxb3 26. Rxc8+ Nxc8 27. Qc6 Ne7 28. Qa6 Qxa6 29. Bxa6 b2 30. Kg2 Bd6 31. Bd3 a3 32. Ne1 Nc6 33. Nc2 Nb4 34. Bxb4 Bxb4 35. Kf1 Ne8 36. Ke2 Nd6 37. f3 f5 38. h3 Kf7 39. g4 g6 40. Rf1 Kg7 41. h4 Ne8 42. Rg1 Kf7 43. h5 Be7 44. hxg6+ hxg6 45. Rb1 Nf6 46. gxf5 exf5 47. f4 Ng4 48. Kd2 Rc8 49. Be2 Nf2 50. Bf3 Ke6 51. Rg1 Rb8 52. Rb1 Ne4+ 53. Bxe4 fxe4 54. Kc3 Kf5 55. Kd2 Kg4 56. Rg1+ Kh3 57. Rb1 Kg2 58. Ke2 Rc8 59. Kd2 Kf2 60. Rh1 Rb8 61. Rb1 Bb4+ 62. Kd1 Rb7 63. Nxb4 Rxb4 64. Kd2 Rb7 0-1

[Event "Regionalliga Sued-Ost 1819"]
[Site "Bayern"]
[Date "2018.11.11"]
[Round "2.2"]
[White "Reilein, Christian"]
[Black "Hausner, Ivan"]
[Result "0-1"]
[WhiteElo "2161"]
[BlackElo "2312"]
[PlyCount "63"]
[EventDate "2018.10.21"]
[EventType "team-tourn"]
[EventRounds "9"]
[EventCountry "GER"]
[SourceTitle "EXT 2022"]
[Source "ChessBase"]
[SourceDate "2021.10.06"]
[SourceVersion "1"]
[SourceVersionDate "2021.10.06"]
[SourceQuality "1"]
[WhiteTeam "Ingolstadt"]
[BlackTeam "Bayerwald Regen/Zwiesel"]
[WhiteTeamCountry "GER"]
[BlackTeamCountry "GER"]

1. d4 d6 2. Nf3 Bg4 3. c4 Nd7 4. Qb3 Rb8 5. Nbd2 c5 6. e3 Ngf6 7. Be2 e6 8. 0-0 Be7 9. Rd1 0-0 10. Nf1 Qc7 11. Ng3 Rfc8 12. d5 exd5 13. cxd5 Bf8 14. h3 Bxf3 15. Bxf3 g6 16. a4 Bg7 17. Qc2 a6 18. a5 b5 19. axb6 Rxb6 20. Bd2 Qb7 21. Bc3 Ne8 22. Rd2 Rb8 23. Ne4 Bxc3 24. Qxc3 Rb3 25. Qc4 Rxb2 26. Rxb2 Qxb2 27. Rxa6 Ne5 28. Qa4 Kg7 29. Bd1 Rb4 30. Qxe8 Rxe4 31. Qa8 Qd2 32. Ra4 0-1

[Event "Landesliga Sued 1718"]
[Site "Bayern"]
[Date "2018.03.18"]
[Round "8.6"]
[White "Giss, Arthur"]
[Black "Reilein, Christian"]
[Result "1-0"]
[WhiteElo "2056"]
[BlackElo "2156"]
[PlyCount "67"]
[EventDate "2017.10.22"]
[EventType "team-tourn"]
[EventRounds "9"]
[EventCountry "GER"]
[SourceTitle "EXT 2022"]
[Source "ChessBase"]
[SourceDate "2021.10.06"]
[SourceVersion "1"]
[SourceVersionDate "2021.10.06"]
[SourceQuality "1"]
[WhiteTeam "Dillingen"]
[BlackTeam "Ingolstadt"]
[WhiteTeamCountry "GER"]
[BlackTeamCountry "GER"]

1. e4 e6 2. d4 d5 3. Nd2 Nf6 4. e5 Nfd7 5. Bd3 c5 6. c3 Nc6 7. Ne2 cxd4 8. cxd4 f6 9. exf6 Nxf6 10. 0-0 Bd6 11. Nf3 0-0 12. Bg5 Qb6 13. Nc3 Bd7 14. a3 Rae8 15. b4 Kh8 16. Na4 Qc7 17. Rc1 Qb8 18. Nc5 Re7 19. Re1 Bf4 20. Nxd7 Rxd7 21. Bxf4 Qxf4 22. g3 Qd6 23. Bb1 a6 24. Ne5 Rc7 25. Rc5 Kg8 26. Qd3 g6 27. Qe3 Rfc8 28. Qf4 Kg7 29. Kg2 b6 30. Rcc1 Ne8 31. Bd3 b5 32. Rxc6 Rxc6 33. Qf7+ Kh8 34. Nxc6 1-0

[Event "Landesliga Sued 1718"]
[Site "Bayern"]
[Date "2018.01.21"]
[Round "5.6"]
[White "Reilein, Christian"]
[Black "Rohrmueller, Ulrich"]
[Result "1/2-1/2"]
[WhiteElo "2156"]
[BlackElo "2172"]
[PlyCount "172"]
[EventDate "2017.10.22"]
[EventType "team-tourn"]
[EventRounds "9"]
[EventCountry "GER"]
[SourceTitle "EXT 2022"]
[Source "ChessBase"]
[SourceDate "2021.10.06"]
[SourceVersion "1"]
[SourceVersionDate "2021.10.06"]
[SourceQuality "1"]
[WhiteTeam "Ingolstadt"]
[BlackTeam "Groebenzell"]
[WhiteTeamCountry "GER"]
[BlackTeamCountry "GER"]

1. d4 Nf6 2. Nf3 e6 3. g3 b5 4. Qd3 a6 5. Nbd2 Bb7 6. c4 bxc4 7. Qxc4 Be7 8. Bg2 0-0 9. 0-0 Qc8 10. Nb3 Bd5 11. Qd3 Nc6 12. a3 Be4 13. Qe3 Rb8 14. Nbd2 Bg6 15. Nc4 d5 16. Nce5 Nxe5 17. Nxe5 c5 18. Nxg6 hxg6 19. dxc5 a5 20. Rb1 Bxc5 21. Qd3 a4 22. Bf4 Rb3 23. Qd2 Qb7 24. Be5 Ng4 25. Bd4 Bxa3 26. Qf4 Nf6 27. Ra1 Bxb2 28. Rxa4 Bxd4 29. Qxd4 Rc8 30. e4 dxe4 31. Bxe4 Nxe4 32. Qxe4 Qxe4 33. Rxe4 Rb5 34. Ra1 g5 35. Ra2 g6 36. h3 Kg7 37. Kg2 Rbc5 38. Rb4 Rc2 39. Rxc2 Rxc2 40. Rb7 Rc3 41. Ra7 Kf6 42. Rb7 Rd3 43. Ra7 e5 44. Ra6+ Ke7 45. Rb6 Rd6 46. Rb7+ Ke6 47. Kf3 f5 48. Rg7 Kf6 49. Ra7 e4+ 50. Ke3 Ke5 51. Re7+ Re6 52. Ra7 f4+ 53. Ke2 Rb6 54. Ra5+ Kf6 55. Ra4 Rb2+ 56. Kf1 Ke5 57. Ra5+ Kd4 58. Ra4+ Kd3 59. Ra3+ Kd2 60. gxf4 gxf4 61. Ra8 g5 62. Rd8+ Kc3 63. Rc8+ Kd4 64. Rd8+ Ke5 65. Re8+ Kf5 66. Rf8+ Kg6 67. Re8 Rb4 68. Ke2 Rb2+ 69. Kf1 Rb4 70. Ke2 Ra4 71. Re7 Kf5 72. Rf7+ Ke6 73. Rf8 Ra2+ 74. Ke1 Ra5 75. Re8+ Kd5 76. Rd8+ Kc4 77. Rc8+ Kd4 78. Rd8+ Rd5 79. Ra8 e3 80. Ra4+ Kd3 81. Ra3+ Ke4 82. fxe3 fxe3 83. Ra8 Rf5 84. Re8+ Kf3 85. Re7 Rf4 86. Re5 Rh4 1/2-1/2

[Event "Landesliga Sued 1718"]
[Site "Bayern"]
[Date "2017.10.22"]
[Round "1.6"]
[White "Reilein, Christian"]
[Black "Wagner, Hans2222"]
[Result "1/2-1/2"]
[WhiteElo "2156"]
[BlackElo "2120"]
[PlyCount "52"]
[EventDate "2017.10.22"]
[EventType "team-tourn"]
[EventRounds "9"]
[EventCountry "GER"]
[SourceTitle "EXT 2022"]
[Source "ChessBase"]
[SourceDate "2021.10.06"]
[SourceVersion "1"]
[SourceVersionDate "2021.10.06"]
[SourceQuality "1"]
[WhiteTeam "Ingolstadt"]
[BlackTeam "Rottal Inn"]
[WhiteTeamCountry "GER"]
[BlackTeamCountry "GER"]

1. d4 Nf6 2. Nf3 e6 3. g3 b6 4. Bg2 Bb7 5. 0-0 Be7 6. c4 0-0 7. Nc3 Ne4 8. Qc2 Nxc3 9. Qxc3 d6 10. Qc2 g6 11. Bh6 Re8 12. Qd2 Nd7 13. Rad1 Bf6 14. h4 Qe7 15. Rfe1 a5 16. b3 Rad8 17. Bg5 h5 18. e4 e5 19. d5 Bc8 20. Bh3 Nf8 21. Bxc8 Rxc8 22. Kg2 Nh7 23. Rh1 Qd7 24. Nh2 Bg7 25. Qe2 f5 26. exf5 Qxf5 1/2-1/2

[Event "Landesliga Sued 0304"]
[Site "Bayern"]
[Date "2004.03.07"]
[Round "7.1"]
[White "Reilein, Christian"]
[Black "Christensen, Niels"]
[Result "0-1"]
[WhiteElo "2252"]
[BlackElo "2161"]
[PlyCount "144"]
[EventDate "2003.10.12"]
[EventType "team-tourn"]
[EventRounds "9"]
[EventCountry "GER"]
[SourceTitle "EXT 2006"]
[Source "ChessBase"]
[SourceDate "2005.11.24"]
[SourceVersion "1"]
[SourceVersionDate "2005.11.24"]
[SourceQuality "1"]
[WhiteTeam "Ingolstadt"]
[BlackTeam "Bayern Muenchen II"]
[WhiteTeamCountry "GER"]
[BlackTeamCountry "GER"]

1. d4 d5 2. Nf3 Nf6 3. c4 c6 4. Nc3 dxc4 5. a4 Bf5 6. Ne5 e6 7. f3 Bb4 8. e4 Bxe4 9. fxe4 Nxe4 10. Bd2 Qxd4 11. Nxe4 Qxe4+ 12. Qe2 Bxd2+ 13. Kxd2 Qd5+ 14. Kc2 Na6 15. Nxc4 b5 16. axb5 Nb4+ 17. Kc3 cxb5 18. Rd1 Qc5 19. Qe5 Nd5+ 20. Rxd5 b4+ 21. Kb3 Qxd5 22. Be2 0-0 23. Qxd5 exd5 24. Na5 Rae8 25. Bf3 Re3+ 26. Ka4 g5 27. Rd1 f5 28. Bxd5+ Kg7 29. Nc4 Re2 30. Kxb4 Rd8 31. Bf3 Rxd1 32. Bxe2 Rg1 33. Bf3 g4 34. Bc6 Rh1 35. Ne3 Kf6 36. Bd7 Re1 37. Nc4 Rh1 38. Ne3 Kg5 39. Kc5 h5 40. Bxf5 Rxh2 41. Bd7 Kf4 42. Kd4 Rh1 43. b4 Re1 44. Nd5+ Kg3 45. Bc6 h4 46. Nf6 Re6 47. Nh5+ Kf2 48. b5 Rh6 49. Nf4 a6 50. Ke4 axb5 51. Bxb5 Rb6 52. Bd7 Rb4+ 53. Kf5 Kg3 54. Ng6 Rd4 55. Bc6 Rc4 56. Be4 Rxe4 57. Kxe4 h3 58. gxh3 gxh3 59. Nh4 h2 60. Nf5+ Kf2 61. Ne3 h1Q+ 62. Kd3 Qf3 63. Kc4 Qxe3 64. Kd5 Kf3 65. Kc4 Ke4 66. Kb5 Qc3 67. Kb6 Qc4 68. Kb7 Qc5 69. Ka6 Qb4 70. Ka7 Qb5 71. Ka8 Kd5 72. Ka7 Kc6 0-1

[Event "Landesliga Sued 0304"]
[Site "Bayern"]
[Date "2003.10.12"]
[Round "1.1"]
[White "Schmidt, Peter"]
[Black "Reilein, Christian"]
[Result "1-0"]
[WhiteElo "2383"]
[BlackElo "2252"]
[PlyCount "111"]
[EventDate "2003.10.12"]
[EventType "team-tourn"]
[EventRounds "9"]
[EventCountry "GER"]
[SourceTitle "EXT 2006"]
[Source "ChessBase"]
[SourceDate "2005.11.24"]
[SourceVersion "1"]
[SourceVersionDate "2005.11.24"]
[SourceQuality "1"]
[WhiteTeam "Waldkirch"]
[BlackTeam "Ingolstadt"]
[WhiteTeamCountry "GER"]
[BlackTeamCountry "GER"]

1. Nf3 d5 2. d4 Bf5 3. c4 e6 4. Nc3 c6 5. Qb3 Qb6 6. c5 Qc7 7. Bf4 Qc8 8. Nh4 Bg4 9. h3 Bh5 10. g4 Be7 11. gxh5 Bxh4 12. e4 Nd7 13. Rg1 Kf8 14. Qd1 g6 15. Qf3 b6 16. cxb6 axb6 17. Bd3 Bf6 18. Bd6+ Be7 19. hxg6 hxg6 20. Bh2 Ke8 21. 0-0-0 Ngf6 22. Kb1 Ra7 23. Bc2 Rh4 24. Bg3 Rxh3 25. e5 Ng8 26. Rh1 Rxh1 27. Rxh1 Bf8 28. Rh7 Nh6 29. Bf4 Nf5 30. Bxf5 exf5 31. Qe2 Qa6 32. e6 Nf6 33. exf7+ Kd7 34. Qe5 Qf1+ 35. Kc2 Qxf2+ 36. Kb3 c5 37. Ne2 Qf3+ 38. Nc3 c4+ 39. Kc2 Qg2+ 40. Kc1 Qf1+ 41. Kd2 Qg2+ 42. Ne2 c3+ 43. Kc1 cxb2+ 44. Kxb2 Qf3 45. Qd6+ Bxd6 46. f8Q+ Nxh7 47. Qxd6+ Ke8 48. Qb8+ Kf7 49. Qxa7+ Kg8 50. Qe7 Qd3 51. Nc3 Qxd4 52. Be5 Qd2+ 53. Kb3 Qh6 54. Nxd5 g5 55. Qe8+ Qf8 56. Qg6+ 1-0

[Event "Landesliga Sued 0203"]
[Site "Bayern"]
[Date "2003.02.09"]
[Round "6.1"]
[White "Riedel, Wolfgang"]
[Black "Reilein, Christian"]
[Result "1/2-1/2"]
[WhiteElo "2306"]
[BlackElo "2254"]
[PlyCount "43"]
[EventDate "2002.10.20"]
[EventType "team-tourn"]
[EventRounds "9"]
[EventCountry "GER"]
[SourceTitle "EXT 2004"]
[Source "ChessBase"]
[SourceDate "2003.11.25"]
[SourceVersion "1"]
[SourceVersionDate "2003.11.25"]
[SourceQuality "1"]
[WhiteTeam "Graefelfing"]
[BlackTeam "Ingolstadt"]
[WhiteTeamCountry "GER"]
[BlackTeamCountry "GER"]

1. d4 d5 2. c4 Nc6 3. Nf3 Bg4 4. cxd5 Bxf3 5. gxf3 Qxd5 6. e3 e6 7. Nc3 Qh5 8. Bd2 0-0-0 9. f4 Qxd1+ 10. Rxd1 Nf6 11. Rc1 Kb8 12. Bg2 Ne7 13. Ne4 Nxe4 14. Bxe4 h6 15. a3 g5 16. fxg5 hxg5 17. Ke2 Rh4 18. Bg2 Nd5 19. h3 Be7 20. Rcg1 f6 21. Rc1 Bd6 22. Rcd1 1/2-1/2

[Event "Oberliga Bayern 0102"]
[Site "Bayern"]
[Date "2002.04.28"]
[Round "9.2"]
[White "Reilein, Christian"]
[Black "Dey, Jan Marten"]
[Result "1/2-1/2"]
[WhiteElo "2250"]
[BlackElo "2255"]
[PlyCount "40"]
[EventDate "2001.10.07"]
[EventType "team"]
[EventRounds "9"]
[EventCountry "GER"]
[SourceTitle "EXT 2003"]
[Source "ChessBase"]
[SourceDate "2002.11.25"]
[SourceVersion "1"]
[SourceVersionDate "2002.11.25"]
[SourceQuality "1"]
[WhiteTeam "Ingolstadt"]
[BlackTeam "Zirndorf"]
[WhiteTeamCountry "GER"]
[BlackTeamCountry "GER"]

1. d4 d5 2. Nf3 c6 3. c4 Nf6 4. Nc3 e6 5. Qb3 Qb6 6. c5 Qc7 7. g3 b6 8. Bf4 Qb7 9. cxb6 axb6 10. Bg2 Be7 11. Ne5 0-0 12. e4 b5 13. exd5 exd5 14. 0-0 b4 15. Ne2 Qb5 16. Nc1 Bf5 17. Ncd3 Nh5 18. g4 Bxd3 19. Nxd3 Nxf4 20. Nxf4 Bf6 1/2-1/2

[Event "Oberliga Bayern 0102"]
[Site "Bayern"]
[Date "2002.04.14"]
[Round "8.2"]
[White "Lechtynsky, Jiri"]
[Black "Reilein, Christian"]
[Result "1/2-1/2"]
[WhiteElo "2415"]
[BlackElo "2250"]
[PlyCount "96"]
[EventDate "2001.10.07"]
[EventType "team"]
[EventRounds "9"]
[EventCountry "GER"]
[SourceTitle "EXT 2003"]
[Source "ChessBase"]
[SourceDate "2002.11.25"]
[SourceVersion "1"]
[SourceVersionDate "2002.11.25"]
[SourceQuality "1"]
[WhiteTeam "Krumbach"]
[BlackTeam "Ingolstadt"]
[WhiteTeamCountry "GER"]
[BlackTeamCountry "GER"]

1. d4 Nf6 2. Nf3 d6 3. c4 c6 4. Nc3 Bg4 5. e4 Nbd7 6. Be2 e5 7. 0-0 h6 8. Be3 Qc7 9. d5 Be7 10. Nd2 Bxe2 11. Qxe2 0-0 12. Rfc1 c5 13. a3 Nh7 14. b4 Bg5 15. Nb3 Bxe3 16. Qxe3 b6 17. b5 f5 18. f3 Ng5 19. Nd2 fxe4 20. Ndxe4 Nxe4 21. fxe4 Rf7 22. Rf1 Raf8 23. Rxf7 Rxf7 24. a4 Nf6 25. Qh3 Re7 26. Rf1 Qd7 27. Rf5 Rf7 28. Qh4 Nh7 29. Rxf7 Kxf7 30. Qh5+ Kf8 31. h3 Nf6 32. Qf3 Qf7 33. Kf2 Nh5 34. g3 g6 35. Qxf7+ Kxf7 36. Nb1 Nf6 37. Kf3 Nd7 38. Nd2 Nb8 39. Ke3 Kf6 40. Nb3 Nd7 41. a5 Kg5 42. Kf3 Kf6 43. h4 Ke7 44. g4 Nf6 45. a6 Nd7 46. Nd2 Nf6 47. Nf1 h5 48. g5 Nd7 1/2-1/2

[Event "Oberliga Bayern 9900"]
[Site "Bayern"]
[Date "2000.04.09"]
[Round "9.2"]
[White "Pruefer, Stefan"]
[Black "Reilein, Christian"]
[Result "0-1"]
[WhiteElo "2180"]
[BlackElo "2275"]
[PlyCount "62"]
[EventDate "1999.10.10"]
[EventType "team-tourn"]
[EventRounds "9"]
[EventCountry "GER"]
[SourceTitle "EXT 2020"]
[Source "ChessBase"]
[SourceDate "2019.10.17"]
[SourceVersion "1"]
[SourceVersionDate "2019.10.17"]
[SourceQuality "1"]
[WhiteTeam "Muenchen 36"]
[BlackTeam "Ingolstadt"]
[WhiteTeamCountry "GER"]
[BlackTeamCountry "GER"]

1. e4 e6 2. d4 d5 3. Nc3 Bb4 4. e5 Ne7 5. a3 Bxc3+ 6. bxc3 c5 7. Qg4 Kf8 8. h4 Qa5 9. Bd2 Qa4 10. Ra2 Nbc6 11. Nf3 b6 12. h5 h6 13. Bd3 Ba6 14. 0-0 Bxd3 15. cxd3 cxd4 16. Rc1 Kg8 17. Qf4 Rc8 18. cxd4 Qb3 19. Rac2 Qxa3 20. Rc3 Qa6 21. g4 b5 22. g5 hxg5 23. Nxg5 Nf5 24. Rc5 Rxh5 25. Rxd5 Rh4 26. Qf3 Ncxd4 27. Rxd4 Rxd4 28. Rd1 b4 29. Be3 Rh4 30. d4 b3 31. d5 Rcc4 0-1

[Event "Oberliga Bayern 9900"]
[Site "Bayern"]
[Date "2000.03.26"]
[Round "8.2"]
[White "Reilein, Christian"]
[Black "Bredl, Harald"]
[Result "1/2-1/2"]
[WhiteElo "2275"]
[BlackElo "2265"]
[PlyCount "120"]
[EventDate "1999.10.10"]
[EventType "team-tourn"]
[EventRounds "9"]
[EventCountry "GER"]
[SourceTitle "EXT 2020"]
[Source "ChessBase"]
[SourceDate "2019.10.17"]
[SourceVersion "1"]
[SourceVersionDate "2019.10.17"]
[SourceQuality "1"]
[WhiteTeam "Ingolstadt"]
[BlackTeam "Schwabing SG Nord"]
[WhiteTeamCountry "GER"]
[BlackTeamCountry "GER"]

1. d4 Nc6 2. f4 d5 3. Nf3 Bf5 4. c3 e6 5. e3 Bd6 6. Be2 Nce7 7. Qb3 Qc8 8. c4 c6 9. Bd2 Nf6 10. Bb4 dxc4 11. Bxc4 Bxb4+ 12. Qxb4 Ned5 13. Qa3 Qc7 14. Nbd2 Qe7 15. Qb3 0-0 16. 0-0 Bg6 17. Rae1 c5 18. e4 Nxf4 19. g3 N4h5 20. e5 Nd7 21. d5 exd5 22. Bxd5 Nb6 23. Be4 Rad8 24. Bxg6 hxg6 25. Ne4 c4 26. Qe3 Nd5 27. Qxa7 Nb4 28. Re2 Nd3 29. Nc3 Rfe8 30. Qe3 Nf6 31. Qg5 Nd5 32. e6 Nxc3 33. exf7+ Qxf7 34. Rxe8+ Rxe8 35. bxc3 Rf8 36. Nd2 Qe6 37. Rxf8+ Kxf8 38. Qd8+ Kf7 39. Qc7+ Kf8 40. Qb8+ Kf7 41. Qxb7+ Kg8 42. Ne4 Qg4 43. Qd5+ Kh7 44. Ng5+ Kh6 45. Nf3 Kh7 46. a4 Nf4 47. Ng5+ Qxg5 48. Qxg5 Nh3+ 49. Kg2 Nxg5 50. a5 Kg8 51. Kf2 Ne6 52. Ke3 Nc5 53. Kf4 Kf7 54. Ke5 Ke7 55. Kd5 Na6 56. Kxc4 Kd6 57. Kb5 Nc7+ 58. Kc4 Na6 59. Kb5 Nc7+ 60. Kc4 Na6 1/2-1/2

[Event "Oberliga Bayern 9900"]
[Site "Bayern"]
[Date "2000.03.12"]
[Round "7.2"]
[White "Heimrath, Reiner"]
[Black "Reilein, Christian"]
[Result "1-0"]
[WhiteElo "2225"]
[BlackElo "2275"]
[PlyCount "149"]
[EventDate "1999.10.10"]
[EventType "team-tourn"]
[EventRounds "9"]
[EventCountry "GER"]
[SourceTitle "EXT 2020"]
[Source "ChessBase"]
[SourceDate "2019.10.17"]
[SourceVersion "1"]
[SourceVersionDate "2019.10.17"]
[SourceQuality "1"]
[WhiteTeam "Fuerth SF"]
[BlackTeam "Ingolstadt"]
[WhiteTeamCountry "GER"]
[BlackTeamCountry "GER"]

1. e4 e6 2. Nc3 d5 3. Nf3 d4 4. Ne2 c5 5. Ng3 g6 6. Bb5+ Bd7 7. Bxd7+ Qxd7 8. a4 Nc6 9. d3 Bg7 10. 0-0 Nge7 11. Nd2 0-0 12. f4 f5 13. Nc4 b6 14. b3 Rae8 15. Bd2 e5 16. fxe5 Nxe5 17. exf5 Nxf5 18. Nxf5 Nxc4 19. bxc4 Rxf5 20. Rxf5 Qxf5 21. Qf1 Qxf1+ 22. Kxf1 Be5 23. g3 a5 24. Re1 Kf7 25. Kf2 Re6 26. Kf3 Rf6+ 27. Kg2 Re6 28. Re4 h5 29. Bg5 Re8 30. Kf3 Ke6 31. h3 Kf5 32. Bh6 g5 33. Bg7 g4+ 34. Kg2 Re6 35. Bf8 gxh3+ 36. Kxh3 Rg6 37. Re2 Rxg3+ 38. Kh4 Rg1 39. Rf2+ Bf4 40. Kh3 Rg3+ 41. Kh4 Rg1 42. Kh3 h4 43. Rf3 Ke5 44. Be7 Rh1+ 45. Kg4 Bg3 46. Bd8 Be1 47. Bxb6 Rg1+ 48. Kh3 Bb4 49. Kxh4 Rg2 50. Rf8 Rxc2 51. Kg4 Rd2 52. Rf5+ Kd6 53. Rf6+ Kd7 54. Rf3 Ke6 55. Rh3 Rf2 56. Rh6+ Kd7 57. Rh7+ Kc6 58. Rh6+ Kb7 59. Bd8 Rd2 60. Rh3 Ra2 61. Kf5 Rxa4 62. Ke6 Ra1 63. Rh7+ Ka6 64. Kd5 Rg1 65. Rh6+ Kb7 66. Rh7+ Kc8 67. Be7 Rg6 68. Bd6 a4 69. Kc6 Rxd6+ 70. Kxd6 a3 71. Ra7 Kb8 72. Ra4 Kb7 73. Kd7 Kb6 74. Kc8 Kc6 75. Ra6# 1-0

[Event "Oberliga Bayern 9900"]
[Site "Bayern"]
[Date "2000.02.20"]
[Round "6.2"]
[White "Reilein, Christian"]
[Black "Grundherr, Martin"]
[Result "1/2-1/2"]
[WhiteElo "2275"]
[BlackElo "2310"]
[PlyCount "111"]
[EventDate "1999.10.10"]
[EventType "team-tourn"]
[EventRounds "9"]
[EventCountry "GER"]
[SourceTitle "EXT 2020"]
[Source "ChessBase"]
[SourceDate "2019.10.17"]
[SourceVersion "1"]
[SourceVersionDate "2019.10.17"]
[SourceQuality "1"]
[WhiteTeam "Ingolstadt"]
[BlackTeam "Pang/Rosenheim"]
[WhiteTeamCountry "GER"]
[BlackTeamCountry "GER"]

1. d4 d5 2. c4 e6 3. Nf3 Nf6 4. g3 c5 5. Bg2 Nc6 6. 0-0 dxc4 7. Ne5 Bd7 8. Na3 cxd4 9. Naxc4 Be7 10. Qb3 Nxe5 11. Nxe5 Qb6 12. Bf4 Bb5 13. Nc4 Bxc4 14. Qxc4 0-0 15. Be5 Rac8 16. Qxd4 Qxd4 17. Bxd4 b6 18. Rac1 Rfd8 19. e3 Kf8 20. Bb7 Rb8 21. Ba6 Nd5 22. a3 Bf6 23. Bxf6 Nxf6 24. Rc7 Rd7 25. Rxd7 Nxd7 26. Rc1 Nc5 27. Be2 e5 28. b4 Ne6 29. Bg4 Rb7 30. Bxe6 fxe6 31. Kg2 Ke7 32. Kf3 Kf6 33. Ke4 Rd7 34. f3 g5 35. h4 gxh4 36. gxh4 Rf7 37. Rc8 Rd7 38. Rc6 Rb7 39. h5 Rd7 40. Rc2 Rg7 41. Rc8 Rd7 42. Rc6 Rb7 43. f4 exf4 44. exf4 Rg7 45. Rc3 Rd7 46. Rc8 Rf7 47. Rc6 Rg7 48. a4 Rg1 49. Rc7 Rb1 50. Rxa7 Rxb4+ 51. Kf3 h6 52. Kg3 e5 53. fxe5+ Kxe5 54. Rh7 Kf5 55. Rxh6 Kg5 56. Rc6 1/2-1/2

[Event "Oberliga Bayern 9900"]
[Site "Bayern"]
[Date "1999.12.12"]
[Round "3.2"]
[White "Reilein, Christian"]
[Black "Pflug, Matthias"]
[Result "1-0"]
[WhiteElo "2275"]
[BlackElo "2150"]
[PlyCount "88"]
[EventDate "1999.10.10"]
[EventType "team-tourn"]
[EventRounds "9"]
[EventCountry "GER"]
[SourceTitle "EXT 2020"]
[Source "ChessBase"]
[SourceDate "2019.10.17"]
[SourceVersion "1"]
[SourceVersionDate "2019.10.17"]
[SourceQuality "1"]
[WhiteTeam "Ingolstadt"]
[BlackTeam "Passau II"]
[WhiteTeamCountry "GER"]
[BlackTeamCountry "GER"]

1. d4 f5 2. Bf4 Nf6 3. e3 e6 4. Nd2 d5 5. Ngf3 c6 6. Bd3 Qb6 7. Rb1 Be7 8. 0-0 0-0 9. c4 Ne4 10. h3 Nd7 11. Ne5 Qa5 12. Ndf3 Nxe5 13. Bxe5 Qxa2 14. Bc7 Bd8 15. Qc2 Bxc7 16. Ra1 Qxa1 17. Rxa1 Nd6 18. Ne5 Nf7 19. Nf3 g6 20. b4 Bd7 21. Qb3 a6 22. g3 b5 23. cxb5 cxb5 24. Be2 Rfc8 25. Ne1 Nd6 26. Nd3 Bb6 27. Nc5 Bxc5 28. dxc5 Nc4 29. Bxc4 bxc4 30. Qc3 Rcb8 31. g4 Kf7 32. g5 Kg8 33. h4 Be8 34. Kh2 Bf7 35. Kg3 Rb7 36. Ra4 Be8 37. Ra5 Raa7 38. Ra1 Bf7 39. Qf6 Ra8 40. c6 Rbb8 41. Qe7 Kg7 42. c7 Re8 43. Qf6+ Kg8 44. b5 a5 1-0

[Event "Oberliga Bayern 9899"]
[Site "Bayern"]
[Date "1998.11.15"]
[Round "3.2"]
[White "Hertel, Hans"]
[Black "Reilein, Christian"]
[Result "0-1"]
[WhiteElo "2065"]
[BlackElo "2310"]
[PlyCount "86"]
[EventDate "1998.10.11"]
[EventType "team-tourn"]
[EventRounds "9"]
[EventCountry "GER"]
[SourceTitle "EXT 2020"]
[Source "ChessBase"]
[SourceDate "2019.10.17"]
[SourceVersion "1"]
[SourceVersionDate "2019.10.17"]
[SourceQuality "1"]
[WhiteTeam "Hof SK"]
[BlackTeam "Ingolstadt"]
[WhiteTeamCountry "GER"]
[BlackTeamCountry "GER"]

1. d4 d5 2. c3 Nf6 3. Bg5 Ne4 4. Bh4 c6 5. Nd2 Nd6 6. e3 Qb6 7. Qb3 Bf5 8. Qxb6 axb6 9. Ne2 Nd7 10. Bg3 e6 11. f3 f6 12. Bxd6 Bxd6 13. e4 dxe4 14. Nxe4 Bxe4 15. fxe4 e5 16. a3 exd4 17. cxd4 0-0-0 18. g3 Rhe8 19. Bg2 Nf8 20. 0-0-0 Ne6 21. Rd3 Kc7 22. Rhd1 b5 23. b4 b6 24. Nc3 Ng5 25. d5 Be5 26. h4 Nf7 27. dxc6 Rxd3 28. Rxd3 Kxc6 29. Kc2 Nd6 30. Rd5 Ra8 31. a4 bxa4 32. g4 a3 33. Na2 Kc7 34. Kb3 b5 35. g5 Ra7 36. Bh3 Kc6 37. gxf6 gxf6 38. Rc5+ Kb6 39. Bf1 Rg7 40. Rd5 Rg3+ 41. Bd3 Nxe4 42. Kxa3 Kc6 43. Rd8 Nf2 0-1